000 00414nam a22001697a 4500
003 CEME
005 20210628202537.0
008 210316b xxu||||| |||| 00| 0 eng d
020 _a0-201-76536-5
040 _c.
082 _a658.05 AGN'D
100 _aAgnew, P.W ,Kellerman, A.S
_960418
245 _aDistributed multimedia
260 _aNEWYORK
_bADDISION WESLEY
_c1996
300 _a484P
942 _cBK
_2ddc
999 _c570139
_d570139